000
00244nam a2200097Ia 4500
001
654922
005
20250826154527.0
008
250824s9999 xx 000 0 und d
245
0
_a
KÜÇÜK ŞEHZADE
_c
CAHİT ZARİFOĞLU
260
_b
BEYAN YAYINLARI
999
_c
654922
_d
654922